Valorant Weapons (Updated Every Month). - Statistics

General Stats
  • This quiz has been taken 61 times
  • The average score is 19 of 21
Answer Stats
Armes % Correct
Odin
100%
Operator
100%
Phantom
100%
Frenzy
98%
Ghost
98%
Marshal
98%
Sheriff
98%
Vandal
98%
Classic
96%
Spectre
96%
Ares
95%
Stinger
95%
Bucky
93%
Guardian
93%
Judge
93%
Shorty
91%
Bulldog
87%
Outlaw
85%
Melee
84%
Golden Gun
49%
Snowball Launcher
38%
No matching quizzes found
Score Distribution
Percent of People with Each Score
Percentile by Number Answered
Your Score History
You have not taken this quiz